Loading...
| Literature - World | 0 | 1 | 0 | 0 | 10 | 137 | 137.00 | 0 | 0 | 0.00 | 0.00 |
| Social Science | 0 | 1 | 0 | 0 | 10 | 97 | 97.00 | 0 | 0 | 0.00 | 0.00 |
| Pop Culture | 0 | 1 | 0 | 0 | 10 | 131 | 131.00 | 0 | 0 | 0.00 | 0.00 |
| Science - Chemistry | 0 | 0 | 0 | 0 | 0 | 0.00 | 0 | 0 | 0.00 | 0.00 | |
| Science - Other | 0 | 0 | 0 | 0 | 0 | 0.00 | 0 | 0 | 0.00 | 0.00 | |
| History - American | 0 | 1 | 2 | 0 | 0 | 136 | 136.00 | 0 | 0 | 0.00 | 0.00 |
| Literature - British | 0 | 0 | 0 | 0 | 0 | 0.00 | 0 | 0 | 0.00 | 0.00 | |
| Science - Biology | 0 | 0 | 0 | 0 | 0 | 0.00 | 0 | 0 | 0.00 | 0.00 | |
| Mythology | 0 | 0 | 1 | 0 | -5 | 0.00 | 0 | 0 | 0.00 | 0.00 | |
| Geography | 0 | 0 | 1 | 0 | -5 | 0.00 | 0 | 0 | 0.00 | 0.00 | |
| History - European | 0 | 0 | 1 | 0 | -5 | 0.00 | 0 | 0 | 0.00 | 0.00 | |
| History - Other | 0 | 0 | 1 | 0 | -5 | 0.00 | 0 | 0 | 0.00 | 0.00 | |
| Fine Arts - Other | 0 | 0 | 1 | 0 | -5 | 0.00 | 0 | 0 | 0.00 | 0.00 | |
| Religion | 0 | 0 | 1 | 0 | -5 | 0.00 | 0 | 0 | 0.00 | 0.00 | |
| Science - Physics | 0 | 0 | 1 | 0 | -5 | 0.00 | 0 | 0 | 0.00 | 0.00 |